Oceanian Geography by Letter - L - Statistics

General Stats
  • This quiz has been taken 116 times
  • The average score is 8 of 20
Answer Stats
Hint Answer % Correct
Taupo, Eyre, Kutubu, e.g. Lake
82%
Two major parties of Australia Labor
75%
PNG has 851 of these, more than any other country Languages
70%
Two major parties of Australia Liberal
70%
Hawaii's second tallest mountain Mauna {Loa}
68%
Religious denomination of 18% of Tongans {Latter}-{day} Saints
66%
Language from which the name "Australia" derives Latin
62%
The New Caledonian barrier reef makes the world's largest of this type of body of water Lagoon
61%
Kiribati is located on IDL. What does the L stand for? Line
57%
A'a and Pahoehoe are types of this Lava
53%
Word that follows Fiji's two largest islands, Viti and Vanua Levu
46%
New Caledonia's eastern archipelago {Loyal}ty Islands
29%
Popular Australian sponge cake Lamington
24%
Vanuatu's second biggest city {Lugan}ville
20%
Fiji's second city, called "Sugar City" Lautoka
17%
One of the nicknames of Australia {Lucky} Country
14%
Famous arch in Victoria, Australia {London} Arch
11%
Unincorporated area and island of NSW in the Tasman Sea Lord Howe Island
11%
Main island of the above Lifou
10%
Prehistoric Austranesian people wholived in Melanesia Lapita
2%
No matching quizzes found
Score Distribution
Percent of People with Each Score
Percentile by Number Answered
Your Score History
You have not taken this quiz